=LDR 00000nam 2200000 4500 =001 INLIS000000000029754 =005 20130612131948 =008 ***********************************Ind** =035 ##$$a0010-061300000029754 =041 ##$$a Ind =082 ##$$a 519.5 =090 ##$$a 519.5, Sab s =100 ##$$a Sabri, Lukmis =245 ##$$a Statistik kesehatan, Lukmis Sabri =260 ##$$a 2008 $b Jakarta =300 ##$$a x, 208 hlm, 21 cm =650 ##$$a Statistik Kesehatan =850 ##$$a NBPNMAT =990 ##$$a 21400613/BPAP-NTB/20142014 =990 ##$$a 11941194 =990 ##$$a 20801448 =990 ##$$a 01201901194 =990 ##$$a 14231423 =990 ##$$a 01201901423 =990 ##$$a 20801448 =990 ##$$a 01201901194